|
|
|
|
| LEADER |
01037nam a2200253 a 4500 |
| 001 |
12208113 |
| 008 |
090716s2003 enk b 001 0deng d |
| 010 |
|
|
|a 00051915
|
| 020 |
|
|
|a 140513173X
|
| 040 |
|
|
|a DLC
|c DLC
|d DLC
|
| 050 |
0 |
0 |
|a PR3588
|b .C58 2001
|
| 082 |
0 |
0 |
|a 821/.4
|2 21
|
| 245 |
0 |
2 |
|a A companion to Milton /
|c edited by Thomas N. Corns.
|
| 260 |
|
|
|a Oxford, UK ;
|a Malden, Mass. :
|b Blackwell Publishers,
|c 2003.
|
| 300 |
|
|
|a xvi, 528 p. ;
|c 26 cm.
|
| 490 |
1 |
|
|a Blackwell companions to literature and culture ;
|v 10
|
| 504 |
|
|
|a Includes bibliographical references (p. [499]-520) and indexes.
|
| 541 |
1 |
|
|e 00014249
|
| 600 |
1 |
0 |
|a Milton, John,
|d 1608-1674
|x Criticism and interpretation.
|
| 600 |
1 |
0 |
|a Milton, John,
|d 1608-1674
|v Handbooks, manuals, etc.
|
| 700 |
1 |
|
|a Corns, Thomas N.
|
| 852 |
4 |
|
|a Ayesha Abed Library
|j General Shelf.
|
| 999 |
|
|
|c 2623
|d 2623
|
| 952 |
|
|
|0 0
|1 0
|2 ddc
|4 0
|6 821_400000000000000_COR_2001
|7 0
|9 2389
|a BRACUL
|b BRACUL
|c GEN
|d 2009-07-21
|g 952.00
|l 2
|m 17
|o 821.4 COR
|p 3010014249
|r 2014-05-19
|s 2014-01-26
|t 1
|w 2009-07-21
|y BK
|